| 000 | 01113nam a2200373 c 4500 | ||
|---|---|---|---|
| 001 | 48001 | ||
| 003 | ES-MaCES | ||
| 005 | 20160803113213.0 | ||
| 008 | 160802s2016 sp 000 | spa d | ||
| 017 |
_aB 11204-2016 _bDL |
||
| 020 | _a9788425437878 | ||
| 040 |
_aES-MaCES _bspa _cES-MaCES |
||
| 100 | 1 |
_aRomán Maestre, Begoña _937166 |
|
| 245 | 1 | 0 |
_aÉtica de los servicios sociales _cBegoña Román Maestre |
| 260 |
_a[Barcelona] _bHerder _c[2016] |
||
| 300 |
_a167 p. _c22 cm |
||
| 490 | 1 | _aÉticas aplicadas | |
| 504 | _aBibliografía: p. 162-167 | ||
| 541 | _cCompra | ||
| 650 | 4 |
_aservicios sociales _927056 |
|
| 650 | 4 |
_aasistencia social _929003 |
|
| 650 | 4 |
_aexclusión social _930629 |
|
| 650 | 4 |
_aEstado-Benefactor _929481 |
|
| 650 | 4 |
_ainstitución social _929461 |
|
| 650 | 4 |
_atrabajador social _928496 |
|
| 650 | 4 |
_aética _927324 |
|
| 650 | 4 |
_aresponsabilidad moral _929390 |
|
| 650 | 4 |
_asistema de valores _929392 |
|
| 650 | 4 |
_ateoría social _927032 |
|
| 653 | 1 | 0 | _aAsuntos Sociales |
| 830 | 0 |
_937165 _aÉticas aplicadas |
|
| 902 | _aLIB Libro | ||
| 942 |
_2CES _cBK _h3.3. |
||
| 999 |
_c48001 _d48001 |
||